000 00465nam a2200181Ia 4500
003 GCL
008 140319s9999 xx 000 0 eng d
040 _aGCL /
_cGCL
082 0 4 _a944.05
_bT N
100 1 _aTUEARD, JEAN
245 1 0 _aNAPOLEON II /
_cTUEARD, JEAN
260 _a[S.N] :
_bFAYARD ،
_c1992
300 _a262 P
650 0 4 _aNAPOLEON 1, EMPORER OF THE FRANCE, 1769 - 1821
650 0 4 _aFRENCH HISTORY
650 0 4 _aBIOGRAPHIES
942 _2ddc
_cBK
999 _c23263
_d23263